| 000 | 00858nam a22002897a 4500 | ||
|---|---|---|---|
| 003 | CHAP | ||
| 005 | 20220817041536.0 | ||
| 008 | 971013s1982 r 00010 d | ||
| 010 | _a17547 | ||
| 011 | _a18519 | ||
| 035 | _a22604 | ||
| 040 | _cCHAP | ||
| 082 |
_a631.58 _bH8 |
||
| 100 | 0 | 0 |
_aHusain, Majid. _956997 |
| 245 |
_aCrop combinations in India _b: a study |
||
| 260 |
_aNew Delhi : _bConcept Publishing, _c1982 |
||
| 300 |
_a206 p. _b: mapa |
||
| 590 |
_aBATCH-UPD _b10 _c20130110 _lUCH01 _h0204 |
||
| 590 |
_aBATCH-UPD _b10 _c20130110 _lUCH01 _h1937 |
||
| 590 |
_aCONVERSION _b10 _c20130109 _lUCH01 _h1311 |
||
| 650 | 1 | 4 |
_aAgricultura _xIndia. |
| 650 | 1 | 4 |
_aCultivos asociados. _930370 |
| 650 | 1 | 4 |
_aSistemas de cultivo. _9106746 |
| 901 | _aBK | ||
| 942 | _cLIBRO | ||
| 949 |
_a631.58 H8 _bBC _cLIBRO _d33724000161980 _eLIBRO _gI.127594 _h66816 _i22604 _si |
||
| 999 |
_c17547 _d17547 |
||